An Introduction to game-Theoretic Modelling

Enregistré dans:
Détails bibliographiques
Auteur principal: Mesterton-Gibbons, Michael (Auteur)
Format: Livre
Langue:anglais
Publié: Redwood City : Addison-Wesley Publishing Company, 1992
Tags: Ajouter un tag
Pas de tags, Soyez le premier à ajouter un tag!

MARC

LEADER 00000nam a22000003a 4500
001 stu25751
005 20150617225746.1
008 980522s1992------------------------eng-d
020 |a 0-201-55439-9 
040 |a STU  |b slo 
041 0 |a eng 
080 |a 519.711.2 
100 1 |a Mesterton-Gibbons, Michael  |4 aut 
245 1 |a An Introduction to game-Theoretic Modelling 
260 |a Redwood City :  |b Addison-Wesley Publishing Company,  |c 1992 
300 |a 237 s 
500 |a Literatúra 
996 |b C95378  |c C*95378  |l CCXX  |s P  |a 0  |w stu25751_0001